[Event "World Chess Olympiad 2018"]
[Site "Batumi"]
[Date "2018.09.26"]
[Round "3"]
[Board "3"]
[WhiteFideId "19700083"]
[White "Nathoo Loris"]
[BlackFideId "15400212"]
[Black "Celis Joel"]
[Result "0-1"]
[LiveChessVersion "1.4.8"]
[BlackElo "1840"]
[WhiteElo "1665"]

1. d4 {[%clk 1:30:56]} Nf6 {[%clk 1:30:47]} 2. Nf3 {[%clk 1:31:18]} e6
{[%clk 1:31:00]} 3. e3 {[%clk 1:31:30]} b6 {[%clk 1:31:07]} 4. Nbd2
{[%clk 1:28:38]} Bb7 {[%clk 1:31:03]} 5. Bd3 {[%clk 1:24:41]} d5 {[%clk 1:30:25]}
6. b3 {[%clk 1:21:50]} Bb4 {[%clk 1:28:06]} 7. Bb2 {[%clk 1:11:36]} Ne4
{[%clk 1:25:09]} 8. Bxe4 {[%clk 1:06:03]} dxe4 {[%clk 1:24:54]} 9. Ne5
{[%clk 1:01:34]} Nd7 {[%clk 1:11:29]} 10. Nxd7 {[%clk 0:56:54]} Qxd7
{[%clk 1:11:39]} 11. O-O {[%clk 0:47:04]} O-O {[%clk 1:10:54]} 12. a3
{[%clk 0:41:39]} Be7 {[%clk 1:08:47]} 13. c4 {[%clk 0:38:48]} f5 {[%clk 0:52:45]}
14. Qc2 {[%clk 0:37:50]} Bg5 {[%clk 0:49:06]} 15. Rac1 {[%clk 0:35:03]} Rac8
{[%clk 0:44:44]} 16. b4 {[%clk 0:31:53]} Qe8 {[%clk 0:42:01]} 17. Rfd1
{[%clk 0:24:55]} Qg6 {[%clk 0:40:14]} 18. c5 {[%clk 0:22:36]} Bd5
{[%clk 0:38:53]} 19. Nc4 {[%clk 0:21:14]} f4 {[%clk 0:35:55]} 20. Ne5
{[%clk 0:19:26]} Qh6 {[%clk 0:30:25]} 21. cxb6 {[%clk 0:10:24]} axb6
{[%clk 0:26:35]} 22. exf4 {[%clk 0:08:07]} Bxf4 {[%clk 0:25:54]} 23. g3
{[%clk 0:08:18]} Bxc1 {[%clk 0:16:33]} 24. Bxc1 {[%clk 0:08:38]} Qh3
{[%clk 0:15:36]} 25. Be3 {[%clk 0:07:56]} Rf5 {[%clk 0:14:35]} 26. Qe2
{[%clk 0:07:08]} Rh5 {[%clk 0:12:50]} 27. Qg4 {[%clk 0:05:25]} Qxh2+
{[%clk 0:10:31]} 28. Kf1 {[%clk 0:05:49]} Rf8 {[%clk 0:06:44]} 29. Ke2
{[%clk 0:04:06]} Rhf5 {[%clk 0:06:50]} 30. Rf1 {[%clk 0:02:45]} Rxe5
{[%clk 0:06:56]} 31. dxe5 {[%clk 0:02:54]} Bc4+ {[%clk 0:07:19]} 32. Ke1
{[%clk 0:03:07]} Qg2 {[%clk 0:06:41]} 33. Qxe6+ {[%clk 0:02:25]} Bxe6
{[%clk 0:06:57]} 0-1

[Event "World Chess Olympiad 2018"]
[Site "Batumi"]
[Date "2018.09.26"]
[Round "3"]
[Board "4"]
[WhiteFideId "15400611"]
[White "Ip Weng Tou"]
[BlackFideId "19700130"]
[Black "Corlette Glenford"]
[Result "0-1"]
[LiveChessVersion "1.4.8"]
[BlackElo "1653"]
[WhiteElo "1405"]

1. e4 {[%clk 1:30:58]} d5 {[%clk 1:30:54]} 2. exd5 {[%clk 1:31:22]} Qxd5
{[%clk 1:31:15]} 3. Nc3 {[%clk 1:31:40]} Qa5 {[%clk 1:31:36]} 4. d4
{[%clk 1:31:56]} e6 {[%clk 1:31:31]} 5. Nf3 {[%clk 1:32:02]} Nf6 {[%clk 1:30:41]}
6. Bc4 {[%clk 1:32:09]} Ne4 {[%clk 1:23:27]} 7. O-O {[%clk 1:23:40]} Nxc3
{[%clk 1:21:31]} 8. Qe1 {[%clk 1:22:55]} Bb4 {[%clk 1:20:18]} 9. bxc3
{[%clk 1:04:10]} Bxc3 {[%clk 1:20:04]} 10. Bd2 {[%clk 1:03:27]} Bxd2
{[%clk 1:19:57]} 11. Qxd2 {[%clk 1:02:59]} Qxd2 {[%clk 1:19:13]} 12. Nxd2
{[%clk 1:03:26]} O-O {[%clk 1:18:53]} 13. Rab1 {[%clk 1:02:20]} Nc6
{[%clk 1:15:42]} 14. Nf3 {[%clk 0:59:41]} b6 {[%clk 1:13:22]} 15. Rfd1
{[%clk 0:51:24]} Bb7 {[%clk 1:13:06]} 16. Bd3 {[%clk 0:38:35]} Rad8
{[%clk 1:12:04]} 17. c4 {[%clk 0:35:11]} Ne7 {[%clk 1:06:44]} 18. Rd2
{[%clk 0:20:50]} Bxf3 {[%clk 1:04:46]} 19. gxf3 {[%clk 0:21:08]} g6
{[%clk 1:04:38]} 20. Be4 {[%clk 0:19:58]} Rd7 {[%clk 0:59:48]} 21. Rbd1
{[%clk 0:18:27]} Rfd8 {[%clk 0:59:28]} 22. Kf1 {[%clk 0:15:23]} c5
{[%clk 0:59:09]} 23. d5 {[%clk 0:14:31]} f5 {[%clk 0:58:50]} 24. d6
{[%clk 0:14:04]} Nc8 {[%clk 0:57:38]} 25. Bc6 {[%clk 0:12:32]} Rxd6
{[%clk 0:57:34]} 26. Bd7 {[%clk 0:11:58]} R8xd7 {[%clk 0:57:06]} 27. Rxd6
{[%clk 0:10:35]} Rxd6 {[%clk 0:57:21]} 28. Rc1 {[%clk 0:10:51]} Kf7
{[%clk 0:56:54]} 0-1

[Event "World Chess Olympiad 2018"]
[Site "Batumi"]
[Date "2018.09.26"]
[Round "3"]
[Board "2"]
[WhiteFideId "8710651"]
[White "Mohamed Ali Djama"]
[BlackFideId "10700234"]
[Black "Brookfield Toby"]
[Result "1-0"]
[LiveChessVersion "1.4.8"]
[BlackElo "1873"]
[WhiteElo "1662"]

1. e4 {[%clk 1:30:05]} c5 {[%clk 1:30:50]} 2. Nf3 {[%clk 1:30:32]} d6
{[%clk 1:31:10]} 3. d4 {[%clk 1:30:59]} cxd4 {[%clk 1:31:31]} 4. Nxd4
{[%clk 1:31:27]} Nf6 {[%clk 1:31:46]} 5. Nc3 {[%clk 1:31:56]} g6 {[%clk 1:32:02]}
6. Be3 {[%clk 1:32:12]} Bg7 {[%clk 1:32:31]} 7. Be2 {[%clk 1:32:05]} O-O
{[%clk 1:32:38]} 8. Qd2 {[%clk 1:32:29]} Nc6 {[%clk 1:31:33]} 9. O-O-O
{[%clk 1:32:36]} Bd7 {[%clk 1:28:17]} 10. h4 {[%clk 1:32:53]} h5 {[%clk 1:28:04]}
11. f3 {[%clk 1:32:21]} Rc8 {[%clk 1:19:22]} 12. Kb1 {[%clk 1:32:43]} Ne5
{[%clk 1:06:47]} 13. Bh6 {[%clk 1:29:27]} Nc4 {[%clk 0:58:50]} 14. Bxc4
{[%clk 1:29:55]} Rxc4 {[%clk 0:59:12]} 15. Bxg7 {[%clk 1:30:24]} Kxg7
{[%clk 0:59:33]} 16. g4 {[%clk 1:03:48]} Rh8 {[%clk 0:56:39]} 17. g5
{[%clk 1:01:14]} Ne8 {[%clk 0:54:54]} 18. Qe2 {[%clk 0:59:47]} Rc5
{[%clk 0:52:20]} 19. Nb3 {[%clk 0:58:53]} Re5 {[%clk 0:40:58]} 20. Qe3
{[%clk 0:57:33]} Be6 {[%clk 0:32:35]} 21. f4 {[%clk 0:56:47]} Ra5
{[%clk 0:30:40]} 22. Nxa5 {[%clk 0:52:25]} Qxa5 {[%clk 0:31:02]} 23. Rhf1
{[%clk 0:52:19]} Nc7 {[%clk 0:29:10]} 24. f5 {[%clk 0:52:03]} Bc4
{[%clk 0:28:46]} 25. Qd4+ {[%clk 0:52:20]} 1-0

[Event "World Chess Olympiad 2018"]
[Site "Batumi"]
[Date "2018.09.26"]
[Round "3"]
[Board "3"]
[WhiteFideId "10700366"]
[White "Nevska Gerda"]
[BlackFideId "32500173"]
[Black "Mohamed Ali Dima"]
[Result "1-0"]
[LiveChessVersion "1.4.8"]
[BlackElo "1576"]
[WhiteElo "1819"]

1. c4 {[%clk 1:30:56]} e6 {[%clk 1:30:40]} 2. g3 {[%clk 1:30:33]} Bc5
{[%clk 1:30:54]} 3. a3 {[%clk 1:28:37]} a5 {[%clk 1:31:04]} 4. d4
{[%clk 1:27:18]} Ba7 {[%clk 1:30:32]} 5. Bg2 {[%clk 1:24:35]} c6 {[%clk 1:29:26]}
6. e3 {[%clk 1:20:15]} Nf6 {[%clk 1:28:52]} 7. Nc3 {[%clk 1:16:03]} d5
{[%clk 1:28:19]} 8. c5 {[%clk 1:04:28]} b6 {[%clk 1:28:13]} 9. b4
{[%clk 1:04:32]} b5 {[%clk 1:26:53]} 10. Nf3 {[%clk 1:03:14]} Nbd7
{[%clk 1:25:00]} 11. O-O {[%clk 1:02:00]} a4 {[%clk 1:24:48]} 12. Re1
{[%clk 0:59:47]} Ne4 {[%clk 1:24:57]} 13. Nxe4 {[%clk 0:55:42]} dxe4
{[%clk 1:25:22]} 14. Ne5 {[%clk 0:55:54]} Nxe5 {[%clk 1:23:39]} 15. dxe5
{[%clk 0:53:54]} Qd5 {[%clk 1:22:38]} 16. Bb2 {[%clk 0:51:38]} Qxd1
{[%clk 1:19:28]} 17. Raxd1 {[%clk 0:51:09]} Bb7 {[%clk 1:19:30]} 18. Rd2
{[%clk 0:48:58]} Ke7 {[%clk 1:19:04]} 19. Bxe4 {[%clk 0:48:01]} h6
{[%clk 1:19:07]} 20. Red1 {[%clk 0:47:11]} Rad8 {[%clk 1:19:34]} 21. Rd6
{[%clk 0:45:18]} Rxd6 {[%clk 1:18:06]} 22. exd6+ {[%clk 0:45:06]} Kd7
{[%clk 1:17:30]} 23. Bxg7 {[%clk 0:45:10]} Rg8 {[%clk 1:17:03]} 24. Bxh6
{[%clk 0:43:07]} f5 {[%clk 1:15:57]} 25. Bg2 {[%clk 0:37:31]} e5 {[%clk 1:13:36]}
26. Bh3 {[%clk 0:35:57]} Kd8 {[%clk 1:04:08]} 27. Bxf5 {[%clk 0:32:26]} Bb8
{[%clk 0:55:01]} 28. h4 {[%clk 0:30:36]} Bc8 {[%clk 0:53:17]} 29. d7
{[%clk 0:30:01]} Bb7 {[%clk 0:53:16]} 30. Bg5+ {[%clk 0:30:01]} Rxg5
{[%clk 0:51:23]} 31. hxg5 {[%clk 0:30:18]} Bc7 {[%clk 0:51:46]} 32. g6
{[%clk 0:29:27]} Ke7 {[%clk 0:49:52]} 33. d8=Q+ {[%clk 0:28:53]} Bxd8
{[%clk 0:50:11]} 34. Rxd8 {[%clk 0:29:12]} 1-0